000 00293nam a2200109Ia 4500
008 190919s9999||||xx |||||||||||||| ||und||
100 _aAlavi, Lick, Liu
245 0 _aCombinatorics Graph Theory, Algorithms And Applications
260 _aLondon
_bAddison
_c2000
300 _a294
942 _cBK
999 _c10308
_d10308